00295nam a2200121Ia 4500008004100000041000800041082001200049100001600061245001400077260005200091300002300143365000700166240624s9999 xx 000 0 und d aeng a954 SID aSIDDIQI W H aTAJ MAHAL c2009aNew DelhibArchaeological Survey of India a95 : p. : cm. ; 23 cRS